000 00292nam a2200133Ia 4500
100 _aBurghardt/Axelrod
942 _cBK
654 _aTool Operation
245 _aMachine tool Operation II
260 _bMcGraw Hill
_aNEWYORK
_c1960
082 _a621.9
300 _a681
546 _aENGLISH
999 _c33553
_d33553